[Event "Team Championship Russia (Rapid, Men)"]
[Site "Sochi"]
[Date "2018.10.08"]
[Round "1.11"]
[White "Ivlev, Aleksey"]
[Black "Timofeev, Artyom"]
[Result "1/2-1/2"]
[BlackElo "2636"]
[WhiteElo "2387"]
[LiveChessVersion "1.4.8"]

1. d4 {[%clk 0:15:18]} d5 {[%clk 0:15:16]} 2. c4 {[%clk 0:15:26]} e6
{[%clk 0:14:42]} 3. Nf3 {[%clk 0:15:24]} a6 {[%clk 0:14:45]} 4. cxd5
{[%clk 0:15:26]} exd5 {[%clk 0:14:53]} 5. Nc3 {[%clk 0:15:36]} Nf6
{[%clk 0:14:17]} 6. Qb3 {[%clk 0:15:11]} Be7 {[%clk 0:13:56]} 7. Bg5
{[%clk 0:15:10]} c6 {[%clk 0:14:02]} 8. e3 {[%clk 0:14:31]} O-O {[%clk 0:14:05]}
9. Bd3 {[%clk 0:14:36]} Nbd7 {[%clk 0:14:00]} 10. O-O {[%clk 0:14:39]} Re8
{[%clk 0:14:01]} 11. Qc2 {[%clk 0:14:15]} Nf8 {[%clk 0:13:42]} 12. Ne5
{[%clk 0:14:03]} N6d7 {[%clk 0:13:10]} 13. Bf4 {[%clk 0:13:45]} Nxe5
{[%clk 0:12:33]} 14. Bxe5 {[%clk 0:13:52]} Bd6 {[%clk 0:12:39]} 15. Bxd6
{[%clk 0:13:46]} Qxd6 {[%clk 0:12:47]} 16. Na4 {[%clk 0:13:55]} Bg4
{[%clk 0:12:45]} 17. Nc5 {[%clk 0:13:32]} Re7 {[%clk 0:12:43]} 18. b4
{[%clk 0:13:07]} Bh5 {[%clk 0:11:35]} 19. a4 {[%clk 0:13:07]} Bg6
{[%clk 0:11:24]} 20. b5 {[%clk 0:12:47]} cxb5 {[%clk 0:11:06]} 21. axb5
{[%clk 0:12:54]} a5 {[%clk 0:11:14]} 22. Rfc1 {[%clk 0:12:25]} b6
{[%clk 0:08:27]} 23. Na4 {[%clk 0:09:47]} Rb8 {[%clk 0:08:33]} 24. Bxg6
{[%clk 0:09:44]} hxg6 {[%clk 0:08:40]} 25. Qb3 {[%clk 0:09:22]} Ne6
{[%clk 0:07:11]} 26. Rc6 {[%clk 0:09:14]} Qd8 {[%clk 0:07:19]} 27. Rac1
{[%clk 0:08:57]} Kh7 {[%clk 0:07:07]} 28. Qd1 {[%clk 0:06:21]} Rc7
{[%clk 0:05:40]} 29. Qf3 {[%clk 0:06:20]} Rxc6 {[%clk 0:05:14]} 30. Rxc6
{[%clk 0:06:26]} Qe7 {[%clk 0:04:43]} 31. h3 {[%clk 0:04:45]} Qb4
{[%clk 0:02:36]} 32. Qxf7 {[%clk 0:03:56]} Qb1+ {[%clk 0:02:44]} 33. Kh2
{[%clk 0:03:58]} Nd8 {[%clk 0:02:53]} 34. Qd7 {[%clk 0:02:27]} Nxc6
{[%clk 0:02:38]} 35. bxc6 {[%clk 0:02:25]} Qf5 {[%clk 0:01:44]} 36. c7
{[%clk 0:00:54]} Qxd7 {[%clk 0:00:42]} 37. cxb8=Q {[%clk 0:01:00]} Qxa4
{[%clk 0:00:51]} 38. Qxb6 {[%clk 0:01:07]} Qa2 {[%clk 0:00:51]} 39. Qd8
{[%clk 0:00:31]} a4 {[%clk 0:00:39]} 40. Qh4+ {[%clk 0:00:35]} Kg8
{[%clk 0:00:48]} 41. e4 {[%clk 0:00:25]} dxe4 {[%clk 0:00:49]} 42. Qxe4
{[%clk 0:00:20]} Qxf2 {[%clk 0:00:19]} 43. d5 {[%clk 0:00:24]} Qf6
{[%clk 0:00:16]} 44. Qxa4 {[%clk 0:00:15]} 1/2-1/2

[Event "Team Championship Russia (Rapid, Men)"]
[Site "Sochi"]
[Date "2018.10.08"]
[Round "1.13"]
[White "Malakhov, Vladimir"]
[Black "Alexeev, Alexey"]
[Result "1-0"]
[BlackElo "2283"]
[WhiteElo "2648"]
[LiveChessVersion "1.4.8"]

1. Nf3 {[%clk 0:15:17]} Nf6 {[%clk 0:15:18]} 2. c4 {[%clk 0:15:25]} c5
{[%clk 0:15:25]} 3. Nc3 {[%clk 0:15:28]} e6 {[%clk 0:15:33]} 4. e3
{[%clk 0:15:11]} d5 {[%clk 0:15:23]} 5. cxd5 {[%clk 0:15:10]} exd5
{[%clk 0:15:14]} 6. d4 {[%clk 0:15:00]} cxd4 {[%clk 0:14:08]} 7. Nxd4
{[%clk 0:15:02]} Nc6 {[%clk 0:14:15]} 8. Bb5 {[%clk 0:14:40]} Bd7
{[%clk 0:14:11]} 9. O-O {[%clk 0:14:47]} Bd6 {[%clk 0:14:15]} 10. b3
{[%clk 0:14:11]} O-O {[%clk 0:14:15]} 11. Bb2 {[%clk 0:14:19]} a6
{[%clk 0:13:06]} 12. Be2 {[%clk 0:14:11]} Be6 {[%clk 0:11:55]} 13. Rc1
{[%clk 0:13:47]} Bc7 {[%clk 0:11:17]} 14. Nxc6 {[%clk 0:11:53]} bxc6
{[%clk 0:11:26]} 15. Na4 {[%clk 0:12:01]} Qd6 {[%clk 0:10:34]} 16. g3
{[%clk 0:12:08]} Bh3 {[%clk 0:09:26]} 17. Re1 {[%clk 0:12:13]} Ba5
{[%clk 0:09:09]} 18. Bc3 {[%clk 0:12:13]} Bxc3 {[%clk 0:08:45]} 19. Rxc3
{[%clk 0:12:20]} Ne4 {[%clk 0:08:48]} 20. Rc2 {[%clk 0:12:17]} Bf5
{[%clk 0:07:20]} 21. Bd3 {[%clk 0:10:28]} Bg6 {[%clk 0:06:50]} 22. Qe2
{[%clk 0:09:52]} a5 {[%clk 0:06:42]} 23. Rec1 {[%clk 0:09:58]} Rfc8
{[%clk 0:06:44]} 24. Nb6 {[%clk 0:09:39]} Rab8 {[%clk 0:05:10]} 25. Nxc8
{[%clk 0:09:43]} Rxc8 {[%clk 0:05:19]} 26. f3 {[%clk 0:09:44]} Nxg3
{[%clk 0:05:01]} 27. hxg3 {[%clk 0:09:47]} Bxd3 {[%clk 0:04:33]} 28. Qxd3
{[%clk 0:09:55]} Qxg3+ {[%clk 0:04:41]} 29. Rg2 {[%clk 0:10:02]} Qxf3
{[%clk 0:04:49]} 30. Qd4 {[%clk 0:08:22]} g6 {[%clk 0:04:35]} 31. Qf4
{[%clk 0:08:26]} Qh3 {[%clk 0:04:30]} 32. Rh2 {[%clk 0:07:48]} Qd7
{[%clk 0:04:13]} 33. Qf6 {[%clk 0:07:27]} Qe8 {[%clk 0:03:32]} 34. Kf2
{[%clk 0:07:07]} Qe4 {[%clk 0:03:03]} 35. Rh4 {[%clk 0:06:52]} Qd3
{[%clk 0:02:04]} 36. Rxh7 {[%clk 0:06:34]} Qd2+ {[%clk 0:02:08]} 37. Kf3
{[%clk 0:06:42]} 1-0

[Event "Team Championship Russia (Rapid, Men)"]
[Site "Sochi"]
[Date "2018.10.08"]
[Round "1.14"]
[White "Truskavetsky, Alexandr"]
[Black "Grachev, Boris"]
[Result "0-1"]
[BlackElo "2667"]
[WhiteElo "2366"]
[LiveChessVersion "1.4.8"]

1. d4 {[%clk 0:15:15]} d5 {[%clk 0:15:17]} 2. c4 {[%clk 0:15:21]} e6
{[%clk 0:15:26]} 3. Nf3 {[%clk 0:15:26]} Nf6 {[%clk 0:15:34]} 4. g3
{[%clk 0:15:29]} dxc4 {[%clk 0:15:42]} 5. Bg2 {[%clk 0:15:34]} Bd7
{[%clk 0:15:50]} 6. Ne5 {[%clk 0:15:13]} Bc6 {[%clk 0:15:58]} 7. Nxc6
{[%clk 0:15:16]} Nxc6 {[%clk 0:16:06]} 8. O-O {[%clk 0:15:04]} Qd7
{[%clk 0:16:14]} 9. e3 {[%clk 0:14:57]} Rd8 {[%clk 0:16:05]} 10. Qa4
{[%clk 0:13:57]} Nb4 {[%clk 0:15:13]} 11. Qxd7+ {[%clk 0:13:31]} Nxd7
{[%clk 0:11:59]} 12. Na3 {[%clk 0:12:19]} Nb6 {[%clk 0:10:05]} 13. Bxb7
{[%clk 0:11:41]} c6 {[%clk 0:08:19]} 14. Bd2 {[%clk 0:11:13]} Kd7
{[%clk 0:08:04]} 15. Bxb4 {[%clk 0:09:05]} Bxb4 {[%clk 0:08:12]} 16. Nc2
{[%clk 0:08:57]} Bd6 {[%clk 0:06:41]} 17. Ba6 {[%clk 0:09:00]} Rb8
{[%clk 0:06:36]} 18. b3 {[%clk 0:07:33]} c3 {[%clk 0:04:52]} 19. e4
{[%clk 0:07:29]} f5 {[%clk 0:04:48]} 20. exf5 {[%clk 0:05:34]} exf5
{[%clk 0:04:56]} 21. Ne3 {[%clk 0:05:10]} Ba3 {[%clk 0:04:07]} 22. Nxf5
{[%clk 0:04:10]} Nd5 {[%clk 0:03:45]} 23. Ne3 {[%clk 0:03:10]} Nxe3
{[%clk 0:01:38]} 24. fxe3 {[%clk 0:03:19]} Rbe8 {[%clk 0:01:36]} 25. Bd3
{[%clk 0:01:34]} Rxe3 {[%clk 0:01:37]} 26. Bc2 {[%clk 0:01:08]} Re2
{[%clk 0:01:34]} 27. Rf2 {[%clk 0:01:16]} Rhe8 {[%clk 0:01:24]} 28. Raf1
{[%clk 0:01:25]} Rd2 {[%clk 0:01:09]} 29. Rd1 {[%clk 0:00:29]} Rxd1+
{[%clk 0:01:08]} 30. Bxd1 {[%clk 0:00:38]} Re1+ {[%clk 0:01:16]} 31. Rf1
{[%clk 0:00:46]} Rxd1 {[%clk 0:01:25]} 0-1

[Event "Team Championship Russia (Rapid, Men)"]
[Site "Sochi"]
[Date "2018.10.08"]
[Round "1.15"]
[White "Zvjaginsev, Vadim"]
[Black "Linker, Mikhail"]
[Result "1-0"]
[BlackElo "2319"]
[WhiteElo "2566"]
[LiveChessVersion "1.4.8"]

1. g3 {[%clk 0:15:16]} g6 {[%clk 0:15:16]} 2. Bg2 {[%clk 0:15:24]} Bg7
{[%clk 0:15:25]} 3. e4 {[%clk 0:15:32]} d6 {[%clk 0:14:46]} 4. Ne2
{[%clk 0:15:23]} e5 {[%clk 0:14:49]} 5. d3 {[%clk 0:15:12]} Ne7 {[%clk 0:14:55]}
6. O-O {[%clk 0:15:14]} O-O {[%clk 0:14:59]} 7. f4 {[%clk 0:15:09]} exf4
{[%clk 0:14:35]} 8. Nxf4 {[%clk 0:14:59]} Nbc6 {[%clk 0:14:23]} 9. c3
{[%clk 0:14:42]} f5 {[%clk 0:10:49]} 10. Nd2 {[%clk 0:14:30]} Kh8
{[%clk 0:10:55]} 11. d4 {[%clk 0:14:25]} fxe4 {[%clk 0:10:16]} 12. Nxe4
{[%clk 0:14:24]} d5 {[%clk 0:08:30]} 13. Ng5 {[%clk 0:12:41]} Qd6
{[%clk 0:08:13]} 14. Nxd5 {[%clk 0:12:01]} Nxd5 {[%clk 0:06:50]} 15. Rxf8+
{[%clk 0:12:07]} Qxf8 {[%clk 0:06:59]} 16. Bxd5 {[%clk 0:12:15]} Nd8
{[%clk 0:06:51]} 17. Qf3 {[%clk 0:10:50]} Qxf3 {[%clk 0:06:53]} 18. Bxf3
{[%clk 0:10:47]} c6 {[%clk 0:05:39]} 19. Bd2 {[%clk 0:10:25]} h6 {[%clk 0:05:20]}
20. Re1 {[%clk 0:10:18]} hxg5 {[%clk 0:03:21]} 21. Re8+ {[%clk 0:10:24]} Kh7
{[%clk 0:03:30]} 22. Rxd8 {[%clk 0:10:30]} Bf6 {[%clk 0:03:08]} 23. Re8
{[%clk 0:10:32]} 1-0

[Event "Team Championship Russia (Rapid, Men)"]
[Site "Sochi"]
[Date "2018.10.08"]
[Round "1.16"]
[White "Pervakov, Sergey"]
[Black "Kobalia, Mikhail"]
[Result "0-1"]
[BlackElo "2617"]
[WhiteElo "2118"]
[LiveChessVersion "1.4.8"]

1. e4 {[%clk 0:15:18]} c5 {[%clk 0:15:19]} 2. Nf3 {[%clk 0:15:24]} e6
{[%clk 0:15:28]} 3. g3 {[%clk 0:15:19]} Nc6 {[%clk 0:15:19]} 4. Bg2
{[%clk 0:15:26]} Nf6 {[%clk 0:15:20]} 5. Qe2 {[%clk 0:15:10]} d6 {[%clk 0:15:21]}
6. O-O {[%clk 0:15:12]} Be7 {[%clk 0:15:30]} 7. c3 {[%clk 0:15:04]} e5
{[%clk 0:15:39]} 8. d3 {[%clk 0:13:56]} O-O {[%clk 0:15:46]} 9. Na3
{[%clk 0:14:02]} Re8 {[%clk 0:15:09]} 10. Nc4 {[%clk 0:13:30]} Bf8
{[%clk 0:14:29]} 11. Bg5 {[%clk 0:10:26]} h6 {[%clk 0:14:29]} 12. Bxf6
{[%clk 0:10:23]} Qxf6 {[%clk 0:14:38]} 13. Ne3 {[%clk 0:10:24]} Qd8
{[%clk 0:13:55]} 14. Nd2 {[%clk 0:09:07]} Ne7 {[%clk 0:13:48]} 15. f4
{[%clk 0:09:07]} exf4 {[%clk 0:13:55]} 16. gxf4 {[%clk 0:08:55]} d5
{[%clk 0:13:42]} 17. Nf3 {[%clk 0:05:51]} Ng6 {[%clk 0:13:24]} 18. Nd2
{[%clk 0:04:55]} d4 {[%clk 0:12:18]} 19. cxd4 {[%clk 0:04:28]} cxd4
{[%clk 0:12:18]} 20. Nc2 {[%clk 0:02:57]} Qc7 {[%clk 0:12:22]} 21. Nxd4
{[%clk 0:01:40]} Nxf4 {[%clk 0:10:56]} 22. Qf3 {[%clk 0:01:47]} g5
{[%clk 0:09:04]} 23. N2b3 {[%clk 0:01:37]} Bg7 {[%clk 0:09:02]} 24. Ne2
{[%clk 0:01:12]} Nxg2 {[%clk 0:08:41]} 25. Kxg2 {[%clk 0:01:17]} Be6
{[%clk 0:08:27]} 26. Nbd4 {[%clk 0:00:59]} Rad8 {[%clk 0:07:56]} 27. Nxe6
{[%clk 0:00:54]} fxe6 {[%clk 0:07:19]} 28. Rac1 {[%clk 0:01:02]} Qd7
{[%clk 0:07:22]} 29. d4 {[%clk 0:01:03]} Rf8 {[%clk 0:07:20]} 30. Qb3
{[%clk 0:01:05]} Kh8 {[%clk 0:06:41]} 31. e5 {[%clk 0:01:12]} Rf7
{[%clk 0:06:27]} 32. Rxf7 {[%clk 0:01:05]} Qxf7 {[%clk 0:06:36]} 33. Rf1
{[%clk 0:01:12]} Qd7 {[%clk 0:06:26]} 34. Qf3 {[%clk 0:00:33]} Qb5
{[%clk 0:06:23]} 35. b3 {[%clk 0:00:16]} Rc8 {[%clk 0:05:43]} 36. Rc1
{[%clk 0:00:14]} Rf8 {[%clk 0:05:52]} 37. Qe4 {[%clk 0:00:16]} Qa5
{[%clk 0:05:48]} 38. Qc2 {[%clk 0:00:13]} Qd5+ {[%clk 0:05:54]} 39. Kg1
{[%clk 0:00:17]} Qf3 {[%clk 0:05:56]} 40. Qd2 {[%clk 0:00:14]} Qf2+
{[%clk 0:05:32]} 41. Kh1 {[%clk 0:00:22]} Rf3 {[%clk 0:05:34]} 0-1

[Event "Team Championship Russia (Rapid, Men)"]
[Site "Sochi"]
[Date "2018.10.08"]
[Round "1.17"]
[White "Oparin, Grigoriy"]
[Black "Ponkratov, Pavel"]
[Result "1/2-1/2"]
[BlackElo "2708"]
[WhiteElo "2671"]
[LiveChessVersion "1.4.8"]

1. Nf3 {[%clk 0:15:18]} c5 {[%clk 0:15:18]} 2. c4 {[%clk 0:15:27]} Nc6
{[%clk 0:15:27]} 3. d4 {[%clk 0:15:35]} cxd4 {[%clk 0:15:35]} 4. Nxd4
{[%clk 0:15:43]} Nf6 {[%clk 0:15:43]} 5. Nc3 {[%clk 0:15:52]} e6 {[%clk 0:15:52]}
6. e4 {[%clk 0:16:01]} Bb4 {[%clk 0:15:49]} 7. Nxc6 {[%clk 0:16:09]} bxc6
{[%clk 0:15:56]} 8. Bd3 {[%clk 0:16:17]} e5 {[%clk 0:15:31]} 9. O-O
{[%clk 0:16:24]} O-O {[%clk 0:15:39]} 10. Qe2 {[%clk 0:16:30]} Qe7
{[%clk 0:15:21]} 11. Na4 {[%clk 0:16:09]} d6 {[%clk 0:15:18]} 12. h3
{[%clk 0:14:47]} Ba5 {[%clk 0:15:22]} 13. Rd1 {[%clk 0:14:38]} Rd8
{[%clk 0:15:04]} 14. a3 {[%clk 0:14:04]} Bc7 {[%clk 0:14:59]} 15. b4
{[%clk 0:13:54]} d5 {[%clk 0:14:08]} 16. Bg5 {[%clk 0:13:02]} d4 {[%clk 0:13:56]}
17. c5 {[%clk 0:13:05]} h6 {[%clk 0:14:02]} 18. Bxf6 {[%clk 0:13:12]} Qxf6
{[%clk 0:14:10]} 19. Nb2 {[%clk 0:13:18]} a5 {[%clk 0:14:15]} 20. Bc4
{[%clk 0:12:11]} Qg6 {[%clk 0:14:16]} 21. Qf3 {[%clk 0:06:51]} Rf8
{[%clk 0:14:16]} 22. Nd3 {[%clk 0:04:11]} Kh8 {[%clk 0:14:16]} 23. Re1
{[%clk 0:04:19]} Bd7 {[%clk 0:14:25]} 24. Qg3 {[%clk 0:03:21]} Qxg3
{[%clk 0:13:51]} 25. fxg3 {[%clk 0:03:29]} h5 {[%clk 0:14:00]} 26. Nf2
{[%clk 0:02:49]} g6 {[%clk 0:13:48]} 27. Rab1 {[%clk 0:02:17]} Rab8
{[%clk 0:13:45]} 28. Rb3 {[%clk 0:01:58]} axb4 {[%clk 0:13:01]} 29. axb4
{[%clk 0:02:07]} Ra8 {[%clk 0:13:10]} 30. Rc1 {[%clk 0:01:17]} Bd8
{[%clk 0:12:05]} 31. h4 {[%clk 0:01:12]} f5 {[%clk 0:11:32]} 32. b5
{[%clk 0:00:58]} Be7 {[%clk 0:06:09]} 33. Nd3 {[%clk 0:00:58]} Bf6
{[%clk 0:06:09]} 34. bxc6 {[%clk 0:01:05]} Bxc6 {[%clk 0:06:12]} 35. Bd5
{[%clk 0:01:15]} Rac8 {[%clk 0:06:15]} 36. Rb6 {[%clk 0:01:11]} fxe4 37. Nb4
{[%clk 0:00:51]} Bxd5 {[%clk 0:05:03]} 38. Nxd5 {[%clk 0:01:00]} Bd8
{[%clk 0:05:12]} 39. Re6 {[%clk 0:01:06]} e3 {[%clk 0:04:03]} 40. Rxe5 Kg7
{[%clk 0:03:14]} 41. Re4 {[%clk 0:01:08]} Ba5 {[%clk 0:02:07]} 42. Nf4
{[%clk 0:00:28]} Bd2 43. Rc4 Rfe8 {[%clk 0:01:57]} 44. Rcxd4 {[%clk 0:00:27]} e2
{[%clk 0:01:21]} 45. Rd7+ {[%clk 0:00:35]} Kh6 {[%clk 0:01:16]} 46. Rxe2
{[%clk 0:00:42]} Rxe2 {[%clk 0:01:13]} 47. Nxe2 Be3+ {[%clk 0:01:22]} 48. Kh2
{[%clk 0:01:00]} Rxc5 {[%clk 0:01:29]} 49. Re7 {[%clk 0:01:09]} Bd2
{[%clk 0:01:32]} 50. Re6 {[%clk 0:01:14]} Rd5 {[%clk 0:01:36]} 51. Kh3
{[%clk 0:01:18]} Kg7 {[%clk 0:01:41]} 52. g4 {[%clk 0:01:20]} Kf7
{[%clk 0:01:39]} 53. Re4 {[%clk 0:01:28]} hxg4+ {[%clk 0:01:46]} 54. Kxg4
{[%clk 0:01:36]} Bh6 {[%clk 0:01:46]} 55. g3 {[%clk 0:01:44]} Rd6
{[%clk 0:01:50]} 56. Ra4 {[%clk 0:01:51]} Be3 {[%clk 0:01:56]} 57. Re4
{[%clk 0:01:57]} Re6 {[%clk 0:02:01]} 58. Rc4 {[%clk 0:01:57]} Bd2
{[%clk 0:02:02]} 59. Ng1 {[%clk 0:02:04]} Kf6 {[%clk 0:01:58]} 60. Nf3
{[%clk 0:02:12]} Bh6 {[%clk 0:02:07]} 61. Kh3 {[%clk 0:02:18]} Be3
{[%clk 0:01:54]} 62. Ra4 {[%clk 0:02:24]} Bh6 {[%clk 0:02:01]} 63. Nd4
{[%clk 0:02:31]} Rd6 {[%clk 0:02:08]} 64. Nb5 {[%clk 0:02:36]} Rc6
{[%clk 0:02:14]} 65. Re4 {[%clk 0:02:39]} Bc1 66. Kg4 {[%clk 0:02:14]} Bh6
{[%clk 0:02:19]} 67. Kf3 {[%clk 0:02:19]} Bc1 {[%clk 0:02:25]} 68. Nd4
{[%clk 0:02:22]} Rd6 {[%clk 0:02:25]} 69. g4 {[%clk 0:02:20]} Ra6
{[%clk 0:02:26]} 70. Re1 {[%clk 0:02:18]} Bh6 {[%clk 0:02:23]} 71. Ke4
{[%clk 0:02:24]} Kf7 {[%clk 0:02:14]} 72. Rf1+ {[%clk 0:02:27]} Ke7
{[%clk 0:02:23]} 73. Rb1 {[%clk 0:02:33]} Bd2 {[%clk 0:02:14]} 74. Rb2
{[%clk 0:02:31]} Bc3 {[%clk 0:02:04]} 75. Rb7+ {[%clk 0:02:40]} Kf8
{[%clk 0:02:13]} 76. Rb8+ {[%clk 0:02:19]} Kf7 {[%clk 0:02:21]} 77. Nf3
{[%clk 0:02:16]} Ra4+ {[%clk 0:02:05]} 78. Kd5 {[%clk 0:02:14]} Rxg4
{[%clk 0:01:23]} 79. Ng5+ {[%clk 0:02:23]} Rxg5+ {[%clk 0:01:32]} 80. hxg5
{[%clk 0:02:31]} 1/2-1/2

[Event "Team Championship Russia (Rapid, Men)"]
[Site "Sochi"]
[Date "2018.10.08"]
[Round "1.19"]
[White "Borisova, Ekaterina"]
[Black "Gutenev, Alexander"]
[Result "0-1"]
[BlackElo "2463"]
[WhiteElo "2040"]
[LiveChessVersion "1.4.8"]

1. e4 {[%clk 0:15:19]} c5 {[%clk 0:15:17]} 2. Nf3 {[%clk 0:15:27]} Nc6
{[%clk 0:15:26]} 3. d4 {[%clk 0:15:35]} cxd4 {[%clk 0:15:35]} 4. Nxd4
{[%clk 0:15:44]} Nf6 {[%clk 0:15:44]} 5. Nc3 {[%clk 0:15:53]} d6 {[%clk 0:15:53]}
6. Bg5 {[%clk 0:15:58]} e6 {[%clk 0:16:00]} 7. Qd2 {[%clk 0:16:05]} a6
{[%clk 0:16:07]} 8. O-O-O {[%clk 0:16:06]} Bd7 {[%clk 0:16:15]} 9. f4
{[%clk 0:15:54]} h6 {[%clk 0:16:24]} 10. Bh4 {[%clk 0:14:50]} Nxe4
{[%clk 0:16:31]} 11. Nxe4 {[%clk 0:14:42]} Qxh4 {[%clk 0:16:39]} 12. Nxc6
{[%clk 0:13:39]} Bxc6 {[%clk 0:16:48]} 13. Nxd6+ {[%clk 0:13:41]} Bxd6
{[%clk 0:16:56]} 14. Qxd6 {[%clk 0:13:48]} Rd8 {[%clk 0:16:42]} 15. Qxd8+
{[%clk 0:13:48]} Qxd8 {[%clk 0:16:50]} 16. Rxd8+ {[%clk 0:13:57]} Kxd8
{[%clk 0:16:59]} 17. Bd3 {[%clk 0:10:36]} g5 {[%clk 0:16:56]} 18. Rf1
{[%clk 0:10:27]} Bxg2 {[%clk 0:16:21]} 19. Rf2 {[%clk 0:10:32]} Bc6
{[%clk 0:15:57]} 20. fxg5 {[%clk 0:08:05]} hxg5 {[%clk 0:16:05]} 21. Rxf7
{[%clk 0:08:13]} Rxh2 {[%clk 0:16:11]} 22. Rg7 {[%clk 0:08:21]} Rg2
{[%clk 0:16:15]} 23. Kd1 {[%clk 0:05:22]} Bf3+ {[%clk 0:15:34]} 24. Ke1
{[%clk 0:05:22]} g4 {[%clk 0:13:27]} 25. a4 {[%clk 0:02:59]} e5 {[%clk 0:13:33]}
26. Bf5 {[%clk 0:02:58]} e4 {[%clk 0:11:47]} 27. Rd7+ {[%clk 0:01:22]} Ke8
{[%clk 0:11:52]} 28. Rd2 {[%clk 0:01:27]} Rxd2 {[%clk 0:11:59]} 29. Kxd2
{[%clk 0:01:36]} g3 {[%clk 0:12:07]} 30. Ke3 {[%clk 0:01:34]} g2 {[%clk 0:12:10]}
31. Kf2 {[%clk 0:01:43]} e3+ {[%clk 0:12:16]} 0-1

[Event "Team Championship Russia (Rapid, Men)"]
[Site "Sochi"]
[Date "2018.10.08"]
[Round "1.21"]
[White "Alekseenko, Kirill"]
[Black "Basiev, Valeriy P."]
[Result "1-0"]
[BlackElo "1997"]
[WhiteElo "2668"]
[LiveChessVersion "1.4.8"]

1. e4 {[%clk 0:15:18]} d5 {[%clk 0:15:17]} 2. exd5 {[%clk 0:15:24]} Qxd5
{[%clk 0:15:25]} 3. Nc3 {[%clk 0:15:31]} Qa5 {[%clk 0:15:34]} 4. d4
{[%clk 0:15:34]} Nf6 {[%clk 0:15:42]} 5. Nf3 {[%clk 0:15:39]} Bf5
{[%clk 0:15:50]} 6. Bc4 {[%clk 0:15:41]} e6 {[%clk 0:15:58]} 7. Bd2
{[%clk 0:15:20]} c6 {[%clk 0:16:06]} 8. Qe2 {[%clk 0:14:58]} Bb4 {[%clk 0:16:09]}
9. a3 {[%clk 0:14:18]} Nbd7 {[%clk 0:16:17]} 10. O-O-O {[%clk 0:13:49]} Bxc3
{[%clk 0:12:59]} 11. Bxc3 {[%clk 0:13:55]} Qc7 {[%clk 0:12:11]} 12. Kb1
{[%clk 0:13:31]} O-O-O {[%clk 0:11:39]} 13. Rhe1 {[%clk 0:12:58]} Nd5
{[%clk 0:07:59]} 14. Bd2 {[%clk 0:12:54]} Nf4 {[%clk 0:08:00]} 15. Qf1
{[%clk 0:10:52]} Bg4 {[%clk 0:08:01]} 16. Re4 {[%clk 0:10:48]} g5
{[%clk 0:03:46]} 17. Nxg5 {[%clk 0:10:40]} Bxd1 {[%clk 0:03:46]} 18. Bxf4
{[%clk 0:10:27]} e5 {[%clk 0:03:54]} 19. Nxf7 {[%clk 0:09:49]} exf4
{[%clk 0:03:29]} 20. Nxd8 {[%clk 0:08:46]} Nf6 {[%clk 0:00:23]} 21. Re6
{[%clk 0:07:46]} Bxc2+ {[%clk 0:00:12]} 22. Kxc2 {[%clk 0:07:50]} Qxd8
{[%clk 0:00:20]} 23. Qd3 {[%clk 0:07:23]} Nd5 {[%clk 0:00:22]} 24. Qf5
{[%clk 0:07:03]} Qd7 {[%clk 0:00:13]} 25. Bxd5 {[%clk 0:06:10]} cxd5
{[%clk 0:00:19]} 26. Re5 {[%clk 0:06:06]} Qxf5+ {[%clk 0:00:12]} 27. Rxf5
{[%clk 0:06:13]} Rg8 {[%clk 0:00:20]} 28. g3 {[%clk 0:06:21]} fxg3
{[%clk 0:00:30]} 29. hxg3 {[%clk 0:06:25]} Rd8 {[%clk 0:00:12]} 30. Rf7
{[%clk 0:06:19]} h6 {[%clk 0:00:12]} 31. Rf6 {[%clk 0:06:24]} Rh8
{[%clk 0:00:14]} 32. Kd2 {[%clk 0:06:10]} Kd7 {[%clk 0:00:21]} 33. Rf5
{[%clk 0:06:02]} Ke6 {[%clk 0:00:17]} 34. Re5+ {[%clk 0:06:06]} Kd6
{[%clk 0:00:26]} 35. Rh5 {[%clk 0:06:13]} a6 {[%clk 0:00:13]} 36. g4
{[%clk 0:06:21]} 1-0

[Event "Team Championship Russia (Rapid, Men)"]
[Site "Sochi"]
[Date "2018.10.08"]
[Round "1.22"]
[White "Nazaretyan, Tigran"]
[Black "Alekseev, Evgeny"]
[Result "0-1"]
[BlackElo "2655"]
[WhiteElo "2353"]
[LiveChessVersion "1.4.8"]

1. d4 {[%clk 0:15:19]} e6 {[%clk 0:15:16]} 2. c4 {[%clk 0:15:22]} b6
{[%clk 0:15:21]} 3. a3 {[%clk 0:15:21]} Bb7 {[%clk 0:15:29]} 4. Nc3
{[%clk 0:15:30]} f5 {[%clk 0:15:27]} 5. Nf3 {[%clk 0:15:14]} Nf6 {[%clk 0:15:35]}
6. Bg5 {[%clk 0:15:11]} h6 {[%clk 0:14:50]} 7. Bxf6 {[%clk 0:14:27]} Qxf6
{[%clk 0:14:53]} 8. e3 {[%clk 0:13:28]} g5 {[%clk 0:14:32]} 9. Qc2
{[%clk 0:12:28]} Bg7 {[%clk 0:13:59]} 10. O-O-O {[%clk 0:12:07]} O-O
{[%clk 0:14:04]} 11. h4 {[%clk 0:11:58]} g4 {[%clk 0:14:12]} 12. Ne5
{[%clk 0:12:06]} d6 {[%clk 0:11:06]} 13. Nd3 {[%clk 0:12:02]} e5 {[%clk 0:11:00]}
14. d5 {[%clk 0:11:14]} c6 {[%clk 0:09:32]} 15. f3 {[%clk 0:11:01]} cxd5
{[%clk 0:09:07]} 16. cxd5 {[%clk 0:10:36]} h5 {[%clk 0:08:46]} 17. e4
{[%clk 0:09:13]} Nd7 {[%clk 0:08:40]} 18. exf5 {[%clk 0:07:42]} Qxf5
{[%clk 0:08:36]} 19. fxg4 {[%clk 0:07:42]} hxg4 {[%clk 0:08:29]} 20. Nb4
{[%clk 0:07:06]} Qxc2+ {[%clk 0:06:11]} 21. Kxc2 {[%clk 0:06:56]} Nc5
{[%clk 0:06:17]} 22. Nc6 {[%clk 0:04:08]} Rf2+ {[%clk 0:06:10]} 23. Rd2
{[%clk 0:03:46]} Raf8 {[%clk 0:06:18]} 24. Ne7+ {[%clk 0:03:31]} Kh7
{[%clk 0:06:23]} 25. b4 {[%clk 0:02:48]} Bh6 {[%clk 0:02:00]} 26. Rxf2
{[%clk 0:02:51]} Rxf2+ {[%clk 0:02:09]} 27. Kb1 {[%clk 0:02:45]} Nb3
{[%clk 0:02:14]} 28. Bd3+ {[%clk 0:02:50]} Kh8 {[%clk 0:02:20]} 29. Nf5
{[%clk 0:02:21]} Nd2+ {[%clk 0:01:53]} 30. Ka1 {[%clk 0:02:14]} Bg7
{[%clk 0:01:48]} 31. Nxg7 {[%clk 0:02:07]} Kxg7 {[%clk 0:01:57]} 32. Bb5
{[%clk 0:01:02]} Bc8 {[%clk 0:01:37]} 33. Bd3 {[%clk 0:00:41]} Rxg2
{[%clk 0:01:45]} 34. h5 {[%clk 0:00:51]} Kh6 {[%clk 0:01:54]} 35. Nb5
{[%clk 0:00:54]} Ba6 {[%clk 0:01:38]} 36. a4 {[%clk 0:00:58]} e4 {[%clk 0:01:41]}
37. Bc2 {[%clk 0:01:00]} Bxb5 {[%clk 0:01:46]} 38. axb5 {[%clk 0:01:09]} e3
{[%clk 0:01:47]} 39. Bd3 {[%clk 0:00:57]} Nf3 {[%clk 0:01:49]} 40. Rc1
{[%clk 0:00:34]} Rg1 {[%clk 0:01:38]} 41. Kb2 {[%clk 0:00:39]} Rxc1
{[%clk 0:01:40]} 42. Kxc1 {[%clk 0:00:48]} g3 {[%clk 0:01:48]} 43. Bf1
{[%clk 0:00:56]} e2 {[%clk 0:01:53]} 44. Bxe2 {[%clk 0:00:59]} g2
{[%clk 0:02:02]} 45. Bxf3 {[%clk 0:01:08]} g1=Q+ {[%clk 0:02:09]} 46. Kd2
{[%clk 0:01:17]} Qd4+ {[%clk 0:02:14]} 47. Ke2 {[%clk 0:01:27]} Qxb4
{[%clk 0:02:21]} 48. Ke3 {[%clk 0:01:36]} Qxb5 {[%clk 0:02:28]} 49. Ke4
{[%clk 0:01:45]} Qc5 {[%clk 0:02:35]} 50. Kf5 {[%clk 0:01:53]} b5
{[%clk 0:02:43]} 0-1